000 00312nam a2200133Ia 4500
008 220204s9999 xx 000 0 und d
082 _a579
_bCAR
100 _aCARPENTER, Philip L
245 0 _aMicrobiology
250 _aEd.4
260 _aPhiladelphia
_bSaunders
_c1977
650 _aMicrobiology
942 _cBK
999 _c27490
_d27490